000 00485nam a22001697a 4500
005 20260227100826.0
008 260227b |||||||| |||| 00| 0 eng d
020 _a9781032962962 (pbk)
040 _cPK-LaUMT
082 _a370.11
_bTUC-E
100 _aTucker, Neil
_99564
245 _aEducating for humanity :
_bthe holistic principle /
_cby Neil Tucker
260 _aLondon :
_bRoutledge,
_c2025
300 _a237 p.
650 _aHolistic education-Philosophy
_99565
942 _cBK
999 _c139933
_d139933